[Event "Blitz 2018"]
[Site "Saint-Petersburg"]
[Date "2018.12.30"]
[Round "15"]
[Board "47"]
[White "Khanin Semen (RUS)"]
[Black "Bocharov Ivan (RUS)"]
[Result "1/2-1/2"]
[LiveChessVersion "1.4.8"]
[BlackElo "2715"]
[WhiteElo "2564"]

1. e4 {[%clk 0:03:03]} e5 {[%clk 0:03:04]} 2. Nf3 {[%clk 0:03:03]} Nc6
{[%clk 0:03:05]} 3. Bc4 {[%clk 0:03:04]} Bc5 {[%clk 0:03:06]} 4. O-O
{[%clk 0:03:04]} Nf6 {[%clk 0:03:07]} 5. d3 {[%clk 0:03:04]} O-O {[%clk 0:03:08]}
6. Nbd2 {[%clk 0:03:02]} d6 {[%clk 0:03:00]} 7. c3 {[%clk 0:02:58]} a5
{[%clk 0:02:52]} 8. Bb3 {[%clk 0:02:42]} h6 {[%clk 0:02:47]} 9. h3
{[%clk 0:02:42]} Be6 {[%clk 0:02:46]} 10. Bc2 {[%clk 0:02:42]} d5
{[%clk 0:02:47]} 11. exd5 {[%clk 0:02:29]} Bxd5 {[%clk 0:02:45]} 12. Re1
{[%clk 0:02:26]} Re8 {[%clk 0:02:46]} 13. Ne4 {[%clk 0:02:16]} Nxe4
{[%clk 0:02:43]} 14. dxe4 {[%clk 0:02:17]} Bc4 {[%clk 0:02:44]} 15. Nd2
{[%clk 0:01:45]} Be6 {[%clk 0:02:06]} 16. a4 {[%clk 0:01:35]} Qh4
{[%clk 0:02:05]} 17. Qf3 {[%clk 0:01:15]} Rad8 {[%clk 0:02:05]} 18. Nf1
{[%clk 0:01:03]} Rd6 {[%clk 0:01:53]} 19. Ng3 {[%clk 0:00:59]} Red8
{[%clk 0:01:40]} 20. Nf5 {[%clk 0:00:51]} Bxf5 {[%clk 0:01:40]} 21. exf5
{[%clk 0:00:51]} Bb6 {[%clk 0:01:15]} 22. Be4 {[%clk 0:00:50]} R8d7
{[%clk 0:01:04]} 23. Rf1 {[%clk 0:00:41]} Rd8 {[%clk 0:01:02]} 24. Qg4
{[%clk 0:00:39]} Qxg4 {[%clk 0:00:55]} 25. hxg4 {[%clk 0:00:40]} Rd1
{[%clk 0:00:56]} 26. Bc2 {[%clk 0:00:36]} Rxf1+ {[%clk 0:00:54]} 27. Kxf1
{[%clk 0:00:37]} Ne7 {[%clk 0:00:52]} 28. Ke2 {[%clk 0:00:36]} Nd5
{[%clk 0:00:54]} 29. g3 {[%clk 0:00:36]} Nf6 {[%clk 0:00:53]} 30. f3
{[%clk 0:00:35]} Kf8 {[%clk 0:00:48]} 31. Be3 {[%clk 0:00:33]} Bxe3
{[%clk 0:00:49]} 32. Kxe3 {[%clk 0:00:34]} Nd5+ {[%clk 0:00:50]} 33. Ke2
{[%clk 0:00:35]} Ke7 {[%clk 0:00:49]} 34. Be4 {[%clk 0:00:36]} c6
{[%clk 0:00:47]} 35. Rd1 {[%clk 0:00:34]} Nb6 {[%clk 0:00:48]} 36. Rxd8
{[%clk 0:00:32]} Kxd8 {[%clk 0:00:50]} 37. Bc2 {[%clk 0:00:25]} Ke7
{[%clk 0:00:49]} 38. Bb3 {[%clk 0:00:22]} Nd7 {[%clk 0:00:45]} 39. Ke3
{[%clk 0:00:23]} Nc5 {[%clk 0:00:45]} 40. Bc2 {[%clk 0:00:24]} f6
{[%clk 0:00:46]} 41. Bd1 {[%clk 0:00:16]} Kd6 {[%clk 0:00:47]} 42. Bc2
{[%clk 0:00:13]} b5 {[%clk 0:00:44]} 43. axb5 {[%clk 0:00:13]} cxb5
{[%clk 0:00:45]} 44. Bd1 {[%clk 0:00:12]} Kd5 {[%clk 0:00:42]} 45. Be2
{[%clk 0:00:12]} b4 {[%clk 0:00:41]} 46. cxb4 {[%clk 0:00:14]} axb4
{[%clk 0:00:42]} 47. Bb5 {[%clk 0:00:15]} Nb3 {[%clk 0:00:40]} 48. Ba4
{[%clk 0:00:15]} Nd4 {[%clk 0:00:40]} 49. Be8 {[%clk 0:00:15]} Kc4
{[%clk 0:00:40]} 50. Bf7+ {[%clk 0:00:16]} Kc5 {[%clk 0:00:42]} 51. f4
{[%clk 0:00:15]} Nc6 {[%clk 0:00:42]} 52. Ke4 {[%clk 0:00:14]} exf4
{[%clk 0:00:42]} 53. gxf4 {[%clk 0:00:15]} Na5 {[%clk 0:00:44]} 54. b3
{[%clk 0:00:15]} Nb7 {[%clk 0:00:38]} 55. Ke3 {[%clk 0:00:14]} Nd6
{[%clk 0:00:39]} 56. Be6 {[%clk 0:00:15]} Nb5 {[%clk 0:00:41]} 57. Bf7
{[%clk 0:00:16]} Nc7 {[%clk 0:00:37]} 58. Ke4 {[%clk 0:00:16]} Nb5
{[%clk 0:00:34]} 1/2-1/2

[Event "Blitz 2018"]
[Site "Saint-Petersburg"]
[Date "2018.12.30"]
[Round "15"]
[Board "48"]
[White "Gabrielian Artur (RUS)"]
[Black "Petrosian Tigran L. (ARM)"]
[Result "0-1"]
[LiveChessVersion "1.4.8"]
[BlackElo "2700"]
[WhiteElo "2562"]

1. e4 {[%clk 0:03:03]} d6 {[%clk 0:03:04]} 2. d4 {[%clk 0:03:04]} g6
{[%clk 0:03:05]} 3. Nc3 {[%clk 0:03:04]} Bg7 {[%clk 0:03:06]} 4. Nf3
{[%clk 0:03:04]} a6 {[%clk 0:03:08]} 5. Be3 {[%clk 0:03:04]} b5 {[%clk 0:03:09]}
6. Bd3 {[%clk 0:03:00]} Bb7 {[%clk 0:03:10]} 7. Qd2 {[%clk 0:02:59]} Nd7
{[%clk 0:03:11]} 8. O-O {[%clk 0:02:55]} c5 {[%clk 0:03:12]} 9. a4
{[%clk 0:02:06]} b4 {[%clk 0:02:46]} 10. Ne2 {[%clk 0:02:06]} Qc7
{[%clk 0:02:16]} 11. Ng3 {[%clk 0:01:55]} Ngf6 {[%clk 0:02:10]} 12. c3
{[%clk 0:01:24]} bxc3 {[%clk 0:02:07]} 13. bxc3 {[%clk 0:01:25]} O-O
{[%clk 0:02:06]} 14. Bh6 {[%clk 0:01:17]} e6 {[%clk 0:01:53]} 15. Bxg7
{[%clk 0:01:17]} Kxg7 {[%clk 0:01:54]} 16. Rfe1 {[%clk 0:01:16]} h6
{[%clk 0:01:33]} 17. a5 {[%clk 0:01:17]} e5 {[%clk 0:01:31]} 18. Nh4
{[%clk 0:01:10]} Ng8 {[%clk 0:01:25]} 19. d5 {[%clk 0:01:08]} c4 {[%clk 0:00:53]}
20. Bf1 {[%clk 0:01:01]} Rab8 {[%clk 0:00:50]} 21. h3 {[%clk 0:00:58]} Bc8
{[%clk 0:00:47]} 22. Qe2 {[%clk 0:00:35]} Rb5 {[%clk 0:00:15]} 23. Qxc4
{[%clk 0:00:27]} Qxc4 {[%clk 0:00:13]} 24. Bxc4 {[%clk 0:00:29]} Rc5
{[%clk 0:00:15]} 25. Bf1 {[%clk 0:00:22]} Rxc3 {[%clk 0:00:16]} 26. Reb1
{[%clk 0:00:14]} Ngf6 {[%clk 0:00:16]} 27. Nf3 {[%clk 0:00:15]} Nc5
{[%clk 0:00:17]} 28. Rb4 {[%clk 0:00:15]} Bd7 {[%clk 0:00:12]} 29. Rb6
{[%clk 0:00:16]} Nfxe4 {[%clk 0:00:12]} 30. Nxe4 {[%clk 0:00:17]} Nxe4
{[%clk 0:00:13]} 31. Rxa6 {[%clk 0:00:17]} Rfc8 {[%clk 0:00:10]} 32. Ra7
{[%clk 0:00:18]} Be8 {[%clk 0:00:09]} 33. a6 {[%clk 0:00:18]} Rc1
{[%clk 0:00:10]} 34. Rxc1 {[%clk 0:00:18]} Rxc1 {[%clk 0:00:12]} 35. Rb7
{[%clk 0:00:18]} Ra1 {[%clk 0:00:08]} 36. g3 {[%clk 0:00:12]} Nc5
{[%clk 0:00:06]} 37. Rb6 {[%clk 0:00:13]} Ne4 {[%clk 0:00:06]} 38. Kg2
{[%clk 0:00:13]} Ra2 {[%clk 0:00:07]} 39. Kg1 {[%clk 0:00:12]} Bd7
{[%clk 0:00:06]} 40. Rb7 {[%clk 0:00:11]} Bc8 {[%clk 0:00:08]} 41. Rc7
{[%clk 0:00:11]} Bxa6 {[%clk 0:00:09]} 42. Ra7 {[%clk 0:00:12]} Bc4
{[%clk 0:00:10]} 43. Rxa2 {[%clk 0:00:10]} Bxa2 {[%clk 0:00:11]} 44. Bd3
{[%clk 0:00:06]} Nc5 {[%clk 0:00:10]} 45. Bb5 {[%clk 0:00:07]} Bxd5
{[%clk 0:00:10]} 46. Nd2 {[%clk 0:00:08]} Kf6 {[%clk 0:00:11]} 47. f3
{[%clk 0:00:08]} Ke6 {[%clk 0:00:12]} 48. Kf2 {[%clk 0:00:09]} f5
{[%clk 0:00:13]} 49. f4 {[%clk 0:00:09]} Ne4+ {[%clk 0:00:13]} 50. Nxe4
{[%clk 0:00:10]} Bxe4 {[%clk 0:00:14]} 51. h4 {[%clk 0:00:11]} Kf6
{[%clk 0:00:15]} 52. Ke3 {[%clk 0:00:12]} g5 {[%clk 0:00:15]} 53. hxg5+
{[%clk 0:00:13]} hxg5 {[%clk 0:00:16]} 54. Bd7 {[%clk 0:00:12]} d5
{[%clk 0:00:15]} 55. Bb5 {[%clk 0:00:06]} d4+ {[%clk 0:00:16]} 56. Kf2
{[%clk 0:00:08]} exf4 {[%clk 0:00:16]} 57. gxf4 {[%clk 0:00:09]} gxf4
{[%clk 0:00:16]} 58. Ba6 {[%clk 0:00:09]} Kg5 {[%clk 0:00:16]} 59. Bb5
{[%clk 0:00:09]} Kg4 {[%clk 0:00:17]} 60. Be2+ {[%clk 0:00:10]} f3
{[%clk 0:00:18]} 61. Bb5 {[%clk 0:00:09]} Kf4 {[%clk 0:00:19]} 62. Ba4
{[%clk 0:00:08]} Bd3 {[%clk 0:00:18]} 63. Bc6 {[%clk 0:00:04]} Be2
{[%clk 0:00:18]} 0-1

[Event "Blitz 2018"]
[Site "Saint-Petersburg"]
[Date "2018.12.30"]
[Round "15"]
[Board "49"]
[White "Sakaev Konstantin (RUS)"]
[Black "Shirov Alexei (ESP)"]
[Result "1-0"]
[LiveChessVersion "1.4.8"]
[BlackElo "2699"]
[WhiteElo "2551"]

1. d4 {[%clk 0:03:03]} d5 {[%clk 0:03:04]} 2. Bf4 {[%clk 0:03:03]} c5
{[%clk 0:03:03]} 3. e3 {[%clk 0:03:04]} Nc6 {[%clk 0:03:02]} 4. c3
{[%clk 0:02:58]} cxd4 {[%clk 0:03:02]} 5. exd4 {[%clk 0:02:59]} Bf5
{[%clk 0:03:02]} 6. Nd2 {[%clk 0:02:54]} Nf6 {[%clk 0:03:01]} 7. Ngf3
{[%clk 0:02:47]} h6 {[%clk 0:03:03]} 8. Qb3 {[%clk 0:02:39]} Qc8 {[%clk 0:03:00]}
9. Ne5 {[%clk 0:02:27]} e6 {[%clk 0:02:58]} 10. Bb5 {[%clk 0:02:18]} a6
{[%clk 0:02:43]} 11. Bxc6+ {[%clk 0:02:10]} bxc6 {[%clk 0:02:44]} 12. Qa4
{[%clk 0:02:09]} Bd6 {[%clk 0:02:39]} 13. Bg3 {[%clk 0:01:51]} O-O
{[%clk 0:01:49]} 14. Nxc6 {[%clk 0:01:23]} Qd7 {[%clk 0:01:49]} 15. Bxd6
{[%clk 0:01:19]} Qxd6 {[%clk 0:01:49]} 16. Ne5 {[%clk 0:01:01]} Rab8
{[%clk 0:01:49]} 17. Nb3 {[%clk 0:00:47]} Ng4 {[%clk 0:01:28]} 18. Nxg4
{[%clk 0:00:44]} Bxg4 {[%clk 0:01:29]} 19. h3 {[%clk 0:00:37]} Bf5
{[%clk 0:01:28]} 20. O-O {[%clk 0:00:37]} Rfc8 {[%clk 0:01:21]} 21. Rfc1
{[%clk 0:00:22]} Rc4 {[%clk 0:01:18]} 22. Qa3 {[%clk 0:00:23]} Qxa3
{[%clk 0:01:17]} 23. bxa3 {[%clk 0:00:24]} Ra4 {[%clk 0:01:18]} 24. Kf1
{[%clk 0:00:22]} Bd3+ {[%clk 0:01:18]} 25. Ke1 {[%clk 0:00:23]} Rxa3
{[%clk 0:01:19]} 26. Nc5 {[%clk 0:00:22]} Bc4 {[%clk 0:01:18]} 27. Rc2
{[%clk 0:00:24]} Rb5 {[%clk 0:01:01]} 28. Kd2 {[%clk 0:00:18]} e5
{[%clk 0:01:02]} 29. Ke3 {[%clk 0:00:10]} f5 {[%clk 0:00:56]} 30. f4
{[%clk 0:00:10]} e4 {[%clk 0:00:54]} 31. g4 {[%clk 0:00:09]} fxg4
{[%clk 0:00:50]} 32. hxg4 {[%clk 0:00:11]} Kf7 {[%clk 0:00:51]} 33. f5
{[%clk 0:00:12]} Kf6 {[%clk 0:00:49]} 34. Kf4 {[%clk 0:00:13]} Bd3
{[%clk 0:00:49]} 35. Rh2 {[%clk 0:00:08]} Rxc3 {[%clk 0:00:48]} 36. Nd7+
{[%clk 0:00:10]} Ke7 {[%clk 0:00:49]} 37. Ne5 {[%clk 0:00:11]} Rb4
{[%clk 0:00:30]} 38. g5 {[%clk 0:00:13]} Rxd4 {[%clk 0:00:27]} 39. gxh6
{[%clk 0:00:14]} e3+ {[%clk 0:00:27]} 40. Kg5 {[%clk 0:00:15]} gxh6+
{[%clk 0:00:19]} 41. Rxh6 {[%clk 0:00:17]} Bxf5 {[%clk 0:00:19]} 42. Kxf5 e2
{[%clk 0:00:18]} 43. Rg1 {[%clk 0:00:15]} Rg3 {[%clk 0:00:19]} 44. Rxg3
{[%clk 0:00:14]} e1=Q {[%clk 0:00:20]} 45. Re6+ {[%clk 0:00:15]} Kd8
{[%clk 0:00:20]} 46. Nf7+ {[%clk 0:00:16]} 1-0

[Event "Blitz 2018"]
[Site "Saint-Petersburg"]
[Date "2018.12.30"]
[Round "15"]
[Board "50"]
[White "Sargissian Gabriel (ARM)"]
[Black "Iljiushenok Ilia (RUS)"]
[Result "1/2-1/2"]
[LiveChessVersion "1.4.8"]
[BlackElo "2467"]
[WhiteElo "2651"]

1. d4 {[%clk 0:03:03]} Nf6 {[%clk 0:03:03]} 2. Nf3 {[%clk 0:03:04]} g6
{[%clk 0:03:04]} 3. Nbd2 {[%clk 0:03:04]} d5 {[%clk 0:03:03]} 4. e3
{[%clk 0:03:04]} Bg7 {[%clk 0:03:04]} 5. b4 {[%clk 0:03:05]} O-O {[%clk 0:03:03]}
6. Bb2 {[%clk 0:03:06]} c6 {[%clk 0:03:03]} 7. c4 {[%clk 0:03:06]} Bf5
{[%clk 0:02:58]} 8. Be2 {[%clk 0:03:06]} Nbd7 {[%clk 0:02:50]} 9. O-O
{[%clk 0:03:04]} Ne4 {[%clk 0:02:48]} 10. a4 {[%clk 0:02:57]} a6 {[%clk 0:02:35]}
11. Nxe4 {[%clk 0:02:49]} Bxe4 {[%clk 0:02:36]} 12. Nd2 {[%clk 0:02:49]} Bf5
{[%clk 0:02:36]} 13. cxd5 {[%clk 0:02:29]} cxd5 {[%clk 0:02:37]} 14. Qb3
{[%clk 0:02:12]} Nf6 {[%clk 0:02:25]} 15. Rfc1 {[%clk 0:02:12]} Qd7
{[%clk 0:02:21]} 16. b5 {[%clk 0:02:01]} a5 {[%clk 0:01:58]} 17. Rc5
{[%clk 0:02:02]} Rfc8 {[%clk 0:01:41]} 18. Rac1 {[%clk 0:02:02]} b6
{[%clk 0:01:39]} 19. Rc6 {[%clk 0:02:01]} Rab8 {[%clk 0:01:37]} 20. h3
{[%clk 0:01:56]} Qd8 {[%clk 0:01:38]} 21. Nf3 {[%clk 0:01:46]} Ne4
{[%clk 0:01:37]} 22. Rxc8 {[%clk 0:01:11]} Rxc8 {[%clk 0:01:36]} 23. Rxc8
{[%clk 0:01:09]} Bxc8 {[%clk 0:01:37]} 24. Qc2 {[%clk 0:01:10]} Bb7
{[%clk 0:01:37]} 25. Ne5 {[%clk 0:01:03]} Qd6 {[%clk 0:01:31]} 26. Nc6
{[%clk 0:00:59]} e6 {[%clk 0:01:28]} 27. Qc1 {[%clk 0:00:56]} Bf8
{[%clk 0:01:28]} 28. Bf3 {[%clk 0:00:53]} Nf6 {[%clk 0:01:28]} 29. g3
{[%clk 0:00:49]} Nd7 {[%clk 0:01:29]} 30. Kg2 {[%clk 0:00:46]} Nb8
{[%clk 0:01:30]} 31. Ne5 {[%clk 0:00:45]} Nd7 {[%clk 0:01:29]} 32. Nd3
{[%clk 0:00:43]} Qb8 {[%clk 0:01:22]} 33. Ba3 {[%clk 0:00:40]} Qc8
{[%clk 0:01:06]} 34. Qxc8 {[%clk 0:00:41]} Bxc8 {[%clk 0:01:07]} 35. Bb2
{[%clk 0:00:34]} Bb7 {[%clk 0:01:08]} 36. h4 {[%clk 0:00:34]} h5 {[%clk 0:01:09]}
37. Ne5 {[%clk 0:00:31]} Nxe5 38. dxe5 {[%clk 0:00:31]} Bc5 {[%clk 0:01:07]} 39.
Bd4 {[%clk 0:00:33]} Bxd4 {[%clk 0:01:03]} 40. exd4 {[%clk 0:00:34]} Kg7
{[%clk 0:01:03]} 41. g4 {[%clk 0:00:33]} hxg4 {[%clk 0:00:59]} 42. Bxg4
{[%clk 0:00:33]} f5 {[%clk 0:00:49]} 43. exf6+ {[%clk 0:00:25]} Kxf6
{[%clk 0:00:50]} 44. f4 {[%clk 0:00:25]} Bc8 {[%clk 0:00:48]} 45. h5
{[%clk 0:00:20]} gxh5 {[%clk 0:00:48]} 46. Bxh5 {[%clk 0:00:21]} Bd7
{[%clk 0:00:47]} 47. Kg3 {[%clk 0:00:22]} Kf5 {[%clk 0:00:43]} 48. Kf3
{[%clk 0:00:21]} Kf6 {[%clk 0:00:39]} 49. Kg4 {[%clk 0:00:22]} e5+
{[%clk 0:00:40]} 50. Kf3 {[%clk 0:00:19]} exd4 {[%clk 0:00:39]} 51. Ke2
{[%clk 0:00:20]} Bf5 {[%clk 0:00:41]} 52. Kd2 {[%clk 0:00:20]} Ke7
{[%clk 0:00:34]} 53. Be2 {[%clk 0:00:18]} Kd6 {[%clk 0:00:32]} 54. Bf1
{[%clk 0:00:18]} Be4 {[%clk 0:00:31]} 55. Bh3 {[%clk 0:00:15]} Kc5
{[%clk 0:00:29]} 56. Be6 {[%clk 0:00:14]} Kd6 {[%clk 0:00:19]} 57. Bh3
{[%clk 0:00:15]} Ke7 {[%clk 0:00:20]} 58. Bg4 {[%clk 0:00:15]} Kf6
{[%clk 0:00:21]} 59. Bh3 {[%clk 0:00:17]} Ke7 {[%clk 0:00:18]} 60. Bg4
{[%clk 0:00:18]} Kd6 {[%clk 0:00:19]} 61. Bh3 {[%clk 0:00:20]} Kc5
{[%clk 0:00:19]} 62. Be6 {[%clk 0:00:21]} Kb4 {[%clk 0:00:18]} 63. f5
{[%clk 0:00:22]} Kxa4 {[%clk 0:00:16]} 64. f6 {[%clk 0:00:21]} Bg6
{[%clk 0:00:18]} 65. f7 {[%clk 0:00:17]} Bxf7 {[%clk 0:00:19]} 66. Bxf7
{[%clk 0:00:18]} Kxb5 {[%clk 0:00:19]} 67. Bxd5 {[%clk 0:00:20]} Kc5
{[%clk 0:00:19]} 68. Bf7 {[%clk 0:00:20]} b5 {[%clk 0:00:20]} 69. Kd3
{[%clk 0:00:20]} a4 {[%clk 0:00:21]} 70. Be8 {[%clk 0:00:18]} a3 {[%clk 0:00:10]}
71. Bf7 {[%clk 0:00:18]} b4 {[%clk 0:00:11]} 72. Bb3 {[%clk 0:00:18]} 1/2-1/2

[Event "Blitz 2018"]
[Site "Saint-Petersburg"]
[Date "2018.12.30"]
[Round "15"]
[Board "51"]
[White "Maslak Konstantin (RUS)"]
[Black "Zvjaginsev Vadim (RUS)"]
[Result "1-0"]
[LiveChessVersion "1.4.8"]
[BlackElo "2649"]
[WhiteElo "2537"]

1. e4 {[%clk 0:03:02]} c5 {[%clk 0:03:03]} 2. Nf3 {[%clk 0:03:02]} Nc6
{[%clk 0:03:05]} 3. Bb5 {[%clk 0:03:01]} g6 {[%clk 0:03:06]} 4. O-O
{[%clk 0:03:01]} Bg7 {[%clk 0:03:07]} 5. Re1 {[%clk 0:02:54]} e5 {[%clk 0:03:08]}
6. d3 {[%clk 0:02:34]} Nge7 {[%clk 0:03:07]} 7. Bc4 {[%clk 0:02:27]} Na5
{[%clk 0:02:54]} 8. Nc3 {[%clk 0:02:23]} Nxc4 {[%clk 0:02:50]} 9. dxc4
{[%clk 0:02:24]} O-O {[%clk 0:02:32]} 10. Qd6 {[%clk 0:01:57]} b6
{[%clk 0:02:33]} 11. Nxe5 {[%clk 0:01:28]} Nc6 {[%clk 0:02:25]} 12. Nxc6
{[%clk 0:01:15]} dxc6 {[%clk 0:02:25]} 13. Qxc6 {[%clk 0:01:01]} Bxc3
{[%clk 0:02:11]} 14. bxc3 {[%clk 0:00:58]} Be6 {[%clk 0:01:58]} 15. Bh6
{[%clk 0:00:54]} Re8 {[%clk 0:01:47]} 16. f3 {[%clk 0:00:17]} Qh4
{[%clk 0:01:29]} 17. Be3 {[%clk 0:00:18]} Qf6 {[%clk 0:01:27]} 18. Qd6
{[%clk 0:00:09]} Rad8 {[%clk 0:01:17]} 19. Qf4 {[%clk 0:00:07]} Qxc3
{[%clk 0:01:16]} 20. e5 {[%clk 0:00:06]} Qxc2 {[%clk 0:01:07]} 21. Qf6
{[%clk 0:00:05]} Qf5 {[%clk 0:01:05]} 22. Qxf5 {[%clk 0:00:04]} Bxf5
{[%clk 0:01:03]} 23. Bg5 {[%clk 0:00:03]} Rd4 {[%clk 0:01:02]} 24. Rac1
{[%clk 0:00:04]} Be6 {[%clk 0:00:59]} 25. a3 {[%clk 0:00:05]} Bxc4
{[%clk 0:00:56]} 26. Be3 {[%clk 0:00:06]} Rd3 {[%clk 0:00:48]} 27. Rxc4 Rxe5
{[%clk 0:00:49]} 28. Kf2 {[%clk 0:00:07]} Rxa3 {[%clk 0:00:50]} 29. Rc2
{[%clk 0:00:07]} h5 {[%clk 0:00:41]} 30. Rd2 {[%clk 0:00:08]} Re6
{[%clk 0:00:25]} 31. h4 {[%clk 0:00:07]} a5 {[%clk 0:00:25]} 32. Rb2
{[%clk 0:00:07]} a4 {[%clk 0:00:25]} 33. Bg5 {[%clk 0:00:08]} Rxe1
{[%clk 0:00:22]} 34. Kxe1 {[%clk 0:00:09]} Kg7 {[%clk 0:00:16]} 35. Rxb6
{[%clk 0:00:10]} Ra2 {[%clk 0:00:16]} 36. Bf6+ {[%clk 0:00:11]} 1-0

[Event "Blitz 2018"]
[Site "Saint-Petersburg"]
[Date "2018.12.30"]
[Round "15"]
[Board "52"]
[White "Demidov Mikhail (RUS)"]
[Black "Bindrich Falko (GER)"]
[Result "0-1"]
[LiveChessVersion "1.4.8"]
[BlackElo "2639"]
[WhiteElo "2546"]

1. d4 {[%clk 0:03:03]} Nf6 {[%clk 0:03:03]} 2. Bg5 {[%clk 0:03:05]} d5
{[%clk 0:03:04]} 3. Nd2 {[%clk 0:03:06]} Nbd7 {[%clk 0:03:02]} 4. Ngf3
{[%clk 0:03:06]} h6 {[%clk 0:03:03]} 5. Bh4 {[%clk 0:03:07]} e6 {[%clk 0:03:04]}
6. e3 {[%clk 0:03:08]} Be7 {[%clk 0:03:04]} 7. c4 {[%clk 0:03:09]} O-O
{[%clk 0:03:03]} 8. Bd3 {[%clk 0:03:09]} c5 {[%clk 0:03:02]} 9. O-O
{[%clk 0:02:52]} cxd4 {[%clk 0:03:02]} 10. Nxd4 {[%clk 0:02:51]} Ne5
{[%clk 0:02:57]} 11. Be2 {[%clk 0:02:53]} Bd7 {[%clk 0:02:45]} 12. Bxf6
{[%clk 0:02:52]} Bxf6 {[%clk 0:02:46]} 13. cxd5 {[%clk 0:02:53]} exd5
{[%clk 0:02:47]} 14. Rc1 {[%clk 0:02:46]} Qb6 {[%clk 0:02:42]} 15. Qb3
{[%clk 0:02:43]} Nc6 {[%clk 0:02:42]} 16. N2f3 {[%clk 0:02:24]} Qxb3
{[%clk 0:02:22]} 17. axb3 {[%clk 0:02:25]} Rac8 {[%clk 0:02:20]} 18. Rfd1
{[%clk 0:02:01]} Nb4 {[%clk 0:02:20]} 19. h3 {[%clk 0:01:46]} g6 {[%clk 0:02:21]}
20. Rc3 {[%clk 0:01:34]} Na2 {[%clk 0:01:49]} 21. Rxc8 {[%clk 0:01:07]} Rxc8
{[%clk 0:01:49]} 22. Bb5 {[%clk 0:01:07]} Bxb5 {[%clk 0:01:30]} 23. Nxb5
{[%clk 0:01:08]} Bxb2 {[%clk 0:01:07]} 24. Rxd5 {[%clk 0:01:01]} Nc3
{[%clk 0:00:44]} 25. Nxa7 {[%clk 0:00:39]} Ra8 {[%clk 0:00:40]} 26. Rd2
{[%clk 0:00:36]} Ba1 {[%clk 0:00:38]} 27. Rd7 {[%clk 0:00:24]} Rxa7
{[%clk 0:00:38]} 28. g3 {[%clk 0:00:23]} Ra2 {[%clk 0:00:36]} 29. Re7
{[%clk 0:00:15]} Nd1 {[%clk 0:00:35]} 30. Rxb7 {[%clk 0:00:13]} Rxf2
{[%clk 0:00:34]} 31. Nd4 {[%clk 0:00:11]} Rd2 {[%clk 0:00:32]} 32. Nc6
{[%clk 0:00:09]} Nxe3 {[%clk 0:00:32]} 33. Ra7 {[%clk 0:00:08]} Bd4
{[%clk 0:00:29]} 34. Rd7 {[%clk 0:00:05]} Nf5+ {[%clk 0:00:29]} 35. Nxd4
{[%clk 0:00:03]} Nxd4 {[%clk 0:00:27]} 36. Rb7 {[%clk 0:00:04]} Rd3
{[%clk 0:00:27]} 37. Kf2 {[%clk 0:00:05]} Rf3+ {[%clk 0:00:28]} 38. Kg2
{[%clk 0:00:06]} Rxb3 {[%clk 0:00:29]} 39. Rd7 {[%clk 0:00:08]} Nf5
{[%clk 0:00:31]} 40. g4 {[%clk 0:00:08]} Nh4+ {[%clk 0:00:32]} 41. Kh2
{[%clk 0:00:10]} g5 {[%clk 0:00:33]} 42. Rd6 {[%clk 0:00:10]} Kg7
{[%clk 0:00:35]} 43. Ra6 {[%clk 0:00:10]} Ng6 {[%clk 0:00:36]} 0-1

[Event "Blitz 2018"]
[Site "Saint-Petersburg"]
[Date "2018.12.30"]
[Round "15"]
[Board "53"]
[White "Reshetnikov Alexey (RUS)"]
[Black "Christiansen Johan-Sebastian (NOR)"]
[Result "1-0"]
[LiveChessVersion "1.4.8"]
[BlackElo "2635"]
[WhiteElo "2473"]

1. b3 {[%clk 0:03:02]} e5 {[%clk 0:03:04]} 2. Bb2 {[%clk 0:03:04]} Nc6
{[%clk 0:03:05]} 3. c4 {[%clk 0:03:04]} Nf6 {[%clk 0:03:01]} 4. e3
{[%clk 0:03:05]} Be7 {[%clk 0:02:55]} 5. d3 {[%clk 0:03:06]} O-O {[%clk 0:02:47]}
6. Nf3 {[%clk 0:03:07]} Re8 {[%clk 0:02:40]} 7. Nbd2 {[%clk 0:03:06]} Bf8
{[%clk 0:02:39]} 8. Be2 {[%clk 0:03:04]} a5 {[%clk 0:02:33]} 9. a3
{[%clk 0:03:04]} d5 {[%clk 0:02:30]} 10. cxd5 {[%clk 0:03:04]} Nxd5
{[%clk 0:02:31]} 11. O-O {[%clk 0:03:05]} h6 {[%clk 0:02:28]} 12. Rc1
{[%clk 0:03:05]} Nf6 {[%clk 0:01:56]} 13. Qc2 {[%clk 0:02:58]} Bd6
{[%clk 0:01:55]} 14. Rfd1 {[%clk 0:02:46]} Qe7 {[%clk 0:01:56]} 15. Nc4
{[%clk 0:02:38]} Bf5 {[%clk 0:01:58]} 16. Nfd2 {[%clk 0:02:28]} Rad8
{[%clk 0:01:52]} 17. Bf3 {[%clk 0:02:09]} Qd7 {[%clk 0:00:26]} 18. Nxd6
{[%clk 0:01:49]} Qxd6 {[%clk 0:00:25]} 19. Nc4 {[%clk 0:01:47]} Qd7
{[%clk 0:00:26]} 20. Bxc6 {[%clk 0:01:45]} Qxc6 {[%clk 0:00:27]} 21. Nxe5
{[%clk 0:01:30]} Qb5 {[%clk 0:00:15]} 22. e4 Be6 23. Nc4 {[%clk 0:01:24]} a4
{[%clk 0:00:17]} 24. bxa4 {[%clk 0:01:11]} Qa6 {[%clk 0:00:19]} 25. Bxf6
{[%clk 0:01:12]} gxf6 {[%clk 0:00:16]} 26. Ne3 {[%clk 0:01:07]} c6
{[%clk 0:00:17]} 27. d4 Ra8 28. d5 {[%clk 0:01:05]} cxd5 {[%clk 0:00:15]} 29.
exd5 {[%clk 0:01:05]} Bd7 {[%clk 0:00:17]} 30. Qc7 {[%clk 0:01:02]} Qxa4 31. h3
{[%clk 0:00:54]} Rac8 {[%clk 0:00:12]} 32. Qg3+ {[%clk 0:00:54]} Kh7
{[%clk 0:00:11]} 33. Qf3 {[%clk 0:00:53]} Kg7 {[%clk 0:00:10]} 34. Rxc8 Rxc8
{[%clk 0:00:12]} 35. d6 {[%clk 0:00:49]} Rc3 {[%clk 0:00:09]} 36. Re1
{[%clk 0:00:35]} Qxa3 {[%clk 0:00:09]} 37. Qxb7 {[%clk 0:00:33]} Qxd6
{[%clk 0:00:10]} 38. Qe4 {[%clk 0:00:23]} Be6 {[%clk 0:00:10]} 39. Rd1
{[%clk 0:00:23]} Qc6 {[%clk 0:00:10]} 40. Qd4 {[%clk 0:00:22]} Rc5
{[%clk 0:00:09]} 41. Qf4 {[%clk 0:00:20]} Rg5 {[%clk 0:00:09]} 42. Rd6
{[%clk 0:00:18]} Qc1+ {[%clk 0:00:10]} 43. Kh2 {[%clk 0:00:18]} Qc7
{[%clk 0:00:11]} 44. g3 {[%clk 0:00:17]} Qa7 {[%clk 0:00:06]} 45. Rd8
{[%clk 0:00:16]} Rc5 {[%clk 0:00:04]} 46. Qd6 {[%clk 0:00:17]} Kg6
{[%clk 0:00:03]} 47. Rg8+ {[%clk 0:00:17]} Rg5 {[%clk 0:00:06]} 1-0